Πρωτεύουσες των νομών της Ελλάδας - Statistics

General Stats
  • This quiz has been taken 18 times
  • The average score is 43 of 51
Answer Stats
Question Answer % Correct
Ν. Έβρου Αλεξανδρούπολη
100%
Ν. Ξάνθης Ξάνθη
100%
Ν. Δράμας Δράμα
100%
Ν. Καβάλας Καβάλα
100%
Ν. Σερρών Σέρρες
100%
Ν. Φλώρινας Φλώρινα
100%
Ν. Καστοριάς Καστοριά
100%
Ν. Κοζάνης Κοζάνη
100%
Ν. Γρεβενών Γρεβενά
100%
Ν. Λαρίσης Λάρισα
100%
Ν. Τρικάλων Τρίκαλα
100%
Ν. Κιλκίς ΚΙλκίς
93%
Ν. Θεσσαλονίκης Θεσσαλονίκη
93%
Ν. Χαλκιδικής Πολύγυρος
93%
Ν. Πιερίας Κατερίνη
93%
Ν. Καρδίτσας Καρδίτσα
93%
Ν. Μαγνησίας Βόλος
93%
Ν. Ευρυτανίας Καρπενήσι
93%
Ν. Ροδόπης Κομοτηνή
87%
Ν. Πέλλας Έδεσσα
87%
Ν. Ηλείας Πύργος
87%
Ν. Ημαθίας Βέροια
80%
Ν. Φωκίδας Άμφισσα
80%
Ν. Εύβοιας Χαλκίδα
80%
Ν. Αττικής Αθήνα
80%
Ν. Αχαΐας Πάτρα
80%
Ν. Κορινθίας Κόρινθος
80%
Ν. Αρκαδίας Τρίπολη
80%
Ν. Λακωνίας Σπάρτη
80%
Ν. Χίου Χίος
80%
Ν. Σάμου Σάμος
80%
Ν. Δωδεκανήσου Ρόδος
80%
Ν. Κέρκυρας Κέρκυρα
80%
Ν. Λευκάδας Λευκάδα
80%
Ν. Ζακύνθου Ζάκυνθος
80%
Ν. Χανίων Χανιά
80%
Ν. Ρεθύμνου Ρέθυμνο
80%
Ν. Άρτας Άρτα
80%
Ν. Ιωαννίνων Ιωάννινα
80%
Ν. Αιτωλοακαρνανίας Μεσολόγγι
73%
Ν. Λέσβου Μυτιλήνη
73%
Ν. Κυκλάδων Ερμούπολη
73%
Ν. Ηρακλείου Ηράκλειο
73%
Ν. Πρέβεζας Πρέβεζα
73%
Ν. Μεσσηνίας Καλαμάτα
67%
Ν. Κεφαλληνίας Αργοστόλι
67%
Ν. Λασιθίου Αγ.Νικόλαος
67%
Ν. Θεσπρωτίας Ηγουμενίτσα
67%
Ν. Φθιώτιδας Λαμία
60%
Ν. Βοιωτίας Λιβαδιά
60%
Ν. Αργολίδας Ναύπλιο
47%
No matching quizzes found
Score Distribution
Percent of People with Each Score
Percentile by Number Answered
Your Score History
You have not taken this quiz